000 01329ngm a2200349 4500
003 dpl
005 20090130103832.0
007 DVD
008 ||||||sp199 xxu|||||c|||| 00| 0 eng d
010 _aDVD-001580
024 _c499.00
_aBVI- 1086
035 _aDVD-001580
040 _aDPL
_cDPL
082 _aDVD / CRIM
245 _aCrimson Tide /
_cHollywood Pictures Presents
_h[videorecording] DVD/
250 _aSpecial Edition
260 _bHolywood Pictures Home Video
300 _a1 videodisc DVD; (129 min.) ;
_bsd., col. ;
_c4 3/4 in.
_fDVD
440 _aHollywood Pictures Home Video
500 _aThis DVD is Copy Protected
538 _iLanguage: Dolby Digital 5.1-English Subtitles: English
538 _aAspect Ratio:1.85:1, Presentation type:Wide Screen Presentation Size 16x9, Format DVD 9 Dual Layer Single Sided Disc.
650 _aMotion Picture
700 _aWashington, Denzel
700 _aHackman, Gene
700 _aScott, Tony
700 _aZimmer, Hans
700 _aLebenzon, Chris
942 _cCF
_2ddc
_hDVD
_mCRIM
999 _c22639
_d22639